Datum a čas kvízu
27
Celkem bodů
Celkový počet nahraných bodů na tomto kvízu bez doplňovacích otázek.
3.
Pořadí na kvízu
Konečné umístění týmu na tomto kvízu.
Zaznamenané odpovědi
| # | Otázka | Odpověď | Body | Výsledky |
|---|---|---|---|---|
| 1. | Minulé úterý hledali policisté... | 0 | ||
| 2. | Policisté provedli v minulých... | 1 | ||
| 3. | Jistá zpěvačka minulý týden za... | 0 | ||
| 4. | Jak informoval v úterý Čínský... | 0 | ||
| 5. | Trenér Michal Bílek končí na l... | 1 | ||
| 6. | Zvíře jménem Benjamin v Orwell... | 0 | ||
| 7. | Tato kniha Jacka Londona navaz... | 1 | ||
| 8. | Příběhy medvídka Pú pochází z... | 0 | ||
| 9. | O Knize džunglí jsme se v kvíz... | 0 | ||
| 10. | Lev, čarodějnice a skříň není... | 0 |